International solutions to sustainable energy, policies and applications / (Record no. 599567)

000 -LEADER
fixed length control field 00283nam a2200097Ia 4500
008 - FIXED-LENGTH DATA ELEMENTS--GENERAL INFORMATION
fixed length control field 230907s9999||||xx |||||||||||||| ||und||
082 ## - DEWEY DECIMAL CLASSIFICATION NUMBER
Classification number 333.794
Author Mark ROO
245 #0 - TITLE STATEMENT
Title International solutions to sustainable energy, policies and applications /
300 ## - PHYSICAL DESCRIPTION
Extent xxxii, 461 Seiten
942 ## - ADDED ENTRY ELEMENTS (KOHA)
Koha item type Book
Holdings
Withdrawn status Lost status Damaged status Not for loan Permanent Location Current Location Date acquired Total Checkouts Full call number Barcode Date last seen Price effective from Koha item type
        US-Pakistan Center for Advanced Studies in Energy (USPCAS-E) US-Pakistan Center for Advanced Studies in Energy (USPCAS-E) 10/07/2019   333.794 ROO CAS-E0003666 09/12/2023 09/12/2023 Book
© 2023 Central Library, National University of Sciences and Technology. All Rights Reserved.